000 00632nam a22002297a 4500
003 UA-OsUOA
001 92012
007 ta
008 20121210b un ||||| |||| 00| 0 ukr d
100 _aШеремет М.
090 _a821.161.2
_bШ49
942 _cBK
040 _aUA-OsUOA
_bukr
_cUA-OsUOA
_dUA-OsUOA
245 _aГомін лісограда
_bвибрані поезії
300 _a174 с.
955 _a3
041 _aukr
080 _a821.161.2
260 _aК.
_bХудожня література
_c1971
650 7 _a82 Література. Літературознавство
_2UDC
999 _c378267
_d378267